Монгол орны өвсөн идэшт үлэг гүрвэл Saurolophus: Магистрын дипломын ажил (Бичлэгийн дугаар. 87792)

MARC дэлгэрэнгүй
000 -Удирдлага
Ном зүйн бүртгэл тоо буюу кодлох утгыг агуулсан 00609 a2200157 4500
008 - ЕРӨНХИЙ МЭДЭЭЛЭЛ-ЭЛЕМЕНТҮҮДИЙН ӨГӨГДЛИЙН УРТ
fixed length control field a130416b mp ||||| |||| 00| 0 mon d
041 ## - ХЭЛНИЙ КОД
Текстийн хэлний код/фонограм буюу салангид гарчиг Монгол
Орчуулгын хэл mon
082 ## - ДЬЮИ АРАВТЫН АНГИЛЛЫН ДУГААР
Дьюигийн аравтын ангилал ДАА
Classification number 562
Item number М-142
100 ## - ЗОХИОГЧИЙН ХЭСЭГ
Зохиогчийн нэр Майнбаяр Б.
100 1# - ЗОХИОГЧИЙН ХЭСЭГ
Зохиогчийн нэр Майнбаяр Б.
245 1# - ҮНДСЭН ГАРЧИГ
Гарчиг Монгол орны өвсөн идэшт үлэг гүрвэл Saurolophus: Магистрын дипломын ажил
Гарчигт хамааралтай мэдээ Төрийн Улаанбаатар сургууль
260 ## - ГАРАЛТЫН ТУХАЙ МЭДЭЭ
Хэвлэгдсэн газар Улаанбаатар
Хэвлэгдсэн он 2011
300 ## - ТООНЫ МЭДЭЭ
Хуудасны тоо 48
490 ## - БОТИЙН/ЦУВРАЛЫН ТУХАЙ МЭДЭЭ
Ботийн/Цувралын нэр 0
Ботийн/Цувралын дугаар 0
ISSN 0
520 ## - ХУРААНГУЙ МЭДЭЭ, ТОВЧ АГУУЛГА
Эмхэтгэл, г.м док/м
Захиалгууд
Буцаан татагдсан төлөв Хасагдсан шалтгаан Гэмтсэн төлөв Данс заагч Захиалах боломжгүй Үндсэн номын сан Одоогийн байршил Салбар танхим Бүртгэсэн огноо Тавиурын заалт Баркод Үнэ Хамгийн сүүлд байсан огноо Салбар Нийт уншлаганд гарсан тоо
          Эрдэм судлал Эрдэм судлал   2018-07-02 355 1/1/8881 5000.00 2018-07-02 1/1/8881